000 00305nam a22001337a 4500
008 230704b xxu||||| |||| 00| 0 eng d
020 _a9241545623
082 _a364.1
_bWHO
110 _bWHO
245 _aWorld report on Violence and Health
260 _aGeneva
_bWHO
300 _a346p
942 _2ddc
_cBK
999 _c3876
_d3876